| 000 | 00449nam a22001577a 4500 | ||
|---|---|---|---|
| 999 |
_c478405 _d478405 |
||
| 003 | NUST | ||
| 005 | 20180528084704.0 | ||
| 008 | 180528b ||||| |||| 00| 0 eng d | ||
| 020 | _a9788129705945 | ||
| 038 | _aSNS Library | ||
| 082 | _a531 | ||
| 100 |
_aGerald Jay Sussman and Jack Wisdom _910553 |
||
| 245 |
_aStructure and Interpretation of Classical Mechanics _cGerald Jay Sussman and Jack Wisdom |
||
| 300 |
_a534 p. _bPb. |
||
| 942 |
_2ddc _cBK |
||